[Event "Titled Tuesday intern op 06th May Early"]
[Site "Chess.com INT"]
[Date "2025.05.06"]
[Round "8"]
[White "Dominguez Exposito, Ibon"]
[Black "Drygalov, Sergey"]
[Result "0-1"]
[WhiteElo "2201"]
[BlackElo "2560"]
[PlyCount "67"]
[EventDate "2025.05.06"]
[EventType "swiss (blitz)"]
[EventRounds "11"]
[EventCountry "USA"]
[SourceTitle "CB20_2025"]
[SourceDate "2025.05.14"]
[SourceVersion "1"]
[SourceVersionDate "2025.05.14"]
[SourceQuality "1"]

1. e4 c5 2. d4 cxd4 3. Qxd4 Nc6 4. Qd3 Nf6 5. Nc3 g6 6. Nf3 Bg7 7. Be2 d6 8. 0-0 Bg4 9. Nd5 0-0 10. c3 Nd7 11. Bg5 h6 12. Bh4 g5 13. Bg3 Nc5 14. Qc2 Rc8 15. Rfe1 Ne6 16. Qd3 Nc5 17. Qc2 Bh5 18. Rad1 Bg6 19. Bf1 e6 20. Bxd6 Nxe4 21. Bxf8 Qxf8 22. Rxe4 exd5 23. Rxd5 Nb4 24. Qb3 Bxe4 25. Rd7 Bc6 26. Rd1 Na6 27. Nd4 Nc5 28. Qc4 Rd8 29. Be2 Bd5 30. Qb5 a6 31. Qb6 Bxa2 32. Nf5 Rxd1+ 33. Bxd1 Be6 34. Ne3 0-1

[Event "Moscow Aeroflot op-A"]
[Site "Moscow"]
[Date "2025.03.05"]
[Round "8"]
[White "Grischuk, Alexander"]
[Black "Drygalov, Sergey"]
[Result "1/2-1/2"]
[WhiteElo "2687"]
[BlackElo "2551"]
[PlyCount "54"]
[EventDate "2025.03.01"]
[EventType "swiss"]
[EventRounds "9"]
[EventCountry "RUS"]
[SourceTitle "CB11_2025"]
[SourceDate "2025.03.12"]
[SourceVersion "1"]
[SourceVersionDate "2025.03.12"]
[SourceQuality "1"]

1. d4 Nf6 2. c4 e6 3. Nc3 Bb4 4. e3 0-0 5. Bd3 d5 6. cxd5 exd5 7. Nge2 Bd6 8. 0-0 Re8 9. Bd2 b6 10. Nf4 Bxf4 11. exf4 c5 12. Be3 Bg4 13. Qd2 Nc6 14. Bb5 Qd6 15. Bxc6 Qxc6 16. f3 Bd7 17. Bf2 c4 18. Bh4 Bf5 19. Bxf6 gxf6 20. Rfe1 b5 21. Ne2 Bd3 22. Ng3 Qb6 23. Qf2 Kf8 24. Red1 Qe6 25. Re1 Qb6 26. Red1 Qe6 27. Re1 Qb6 1/2-1/2

[Event "Moscow Aeroflot op-A"]
[Site "Moscow"]
[Date "2025.03.03"]
[Round "4"]
[White "Samusenko, Maksim"]
[Black "Drygalov, Sergey"]
[Result "0-1"]
[WhiteElo "2425"]
[BlackElo "2551"]
[PlyCount "132"]
[EventDate "2025.03.01"]
[EventType "swiss"]
[EventRounds "9"]
[EventCountry "RUS"]
[SourceTitle "CB11_2025"]
[SourceDate "2025.03.12"]
[SourceVersion "1"]
[SourceVersionDate "2025.03.12"]
[SourceQuality "1"]

1. e4 c5 2. Nf3 d6 3. Bb5+ Nd7 4. 0-0 a6 5. Be2 Ngf6 6. d3 g6 7. c4 Bg7 8. Nc3 0-0 9. d4 cxd4 10. Nxd4 Ne5 11. Kh1 Bd7 12. f4 Nc6 13. Be3 Rc8 14. Rc1 Re8 15. Nb3 Be6 16. Nd2 Na5 17. Nd5 Nd7 18. b4 Nc6 19. Nb3 f5 20. b5 Ncb8 21. Nd4 Bxd4 22. Bxd4 Nc5 23. exf5 Bxf5 24. Ba1 Nbd7 25. Qd4 e5 26. fxe5 dxe5 27. Qe3 Qh4 28. Rcd1 Qe4 29. Qd2 Qc2 30. Qe3 Qe4 31. Qf2 Be6 32. Nc3 Qf4 33. Qxf4 exf4 34. Rxf4 Bf5 35. Bf3 Ne5 36. Bd5+ Kg7 37. Kg1 h5 38. h3 Kh6 39. Kh2 Ned3 40. Rd4 Re3 41. Bf3 Ne1 42. bxa6 bxa6 43. Rf4 Ncd3 44. Nd5 Re6 45. Rd4 Nxf3+ 46. gxf3 Re2+ 47. Kg1 Nf2 48. R1d2 Nxh3+ 49. Kf1 Rxd2 50. Rxd2 Rxc4 51. Bb2 Be6 52. Ne3 Rc6 53. a3 g5 54. Be5 Rc5 55. Rd6 Rxe5 56. Nc4 Rc5 57. Rxe6+ Kg7 58. Re4 Nf4 59. Kf2 h4 60. Rd4 h3 61. Ne3 Rc1 62. Rd7+ Kf8 63. Rh7 Ra1 64. Kg3 Rxa3 65. Nc4 Ra2 66. Kg4 Kg8 0-1

[Event "Moscow Aeroflot op-A"]
[Site "Moscow"]
[Date "2025.03.02"]
[Round "2"]
[White "Goltseva, Ekaterina"]
[Black "Drygalov, Sergey"]
[Result "0-1"]
[WhiteElo "2393"]
[BlackElo "2551"]
[PlyCount "118"]
[EventDate "2025.03.01"]
[EventType "swiss"]
[EventRounds "9"]
[EventCountry "RUS"]
[SourceTitle "CB11_2025"]
[SourceDate "2025.03.12"]
[SourceVersion "1"]
[SourceVersionDate "2025.03.12"]
[SourceQuality "1"]

1. d4 Nf6 2. c4 e6 3. Nc3 d5 4. cxd5 exd5 5. Bg5 Bb4 6. e3 h6 7. Bh4 g5 8. Bg3 Ne4 9. Rc1 h5 10. Be5 f6 11. f3 Nd6 12. Bg3 Qe7 13. Bf2 Nf5 14. Qd2 Nc6 15. Bb5 Bd7 16. Nge2 0-0-0 17. 0-0 g4 18. Qd3 Bxc3 19. Bxc6 Bxc6 20. Qxf5+ Bd7 21. Qxd5 Bd2 22. Qc5 Qxc5 23. Rxc5 gxf3 24. Nf4 fxg2 25. Nxg2 Bc6 26. Rd1 Bb4 27. Rc4 Bd6 28. d5 Bb5 29. Rh4 Rhg8 30. Bg3 Be2 31. Rd2 Bf3 32. Nf4 Bxf4 33. Rxf4 Bxd5 34. Rc2 c6 35. b4 f5 36. Kf2 Be4 37. Rb2 Rg4 38. Ke2 Rh8 39. Bh4 Rg1 40. Rd2 Rb1 41. a3 Rb3 42. Rf1 Rg8 43. Bg3 Rxa3 44. Rfd1 Bd5 45. Rc1 Rd8 46. Rd4 Ra2+ 47. Kd3 b6 48. Bf4 Kb7 49. Kc3 a5 50. bxa5 Rxa5 51. Rb1 Ra3+ 52. Kb2 Ra2+ 53. Kc3 c5 54. Rdd1 Ra3+ 55. Kb2 Rb3+ 56. Kc2 Rxb1 57. Kxb1 Be4+ 58. Kc1 Rxd1+ 59. Kxd1 b5 0-1

[Event "Moscow Aeroflot op-A"]
[Site "Moscow"]
[Date "2025.03.01"]
[Round "1"]
[White "Drygalov, Sergey"]
[Black "Koryakin, Evgeniy"]
[Result "1-0"]
[WhiteElo "2551"]
[BlackElo "2366"]
[PlyCount "92"]
[EventDate "2025.03.01"]
[EventType "swiss"]
[EventRounds "9"]
[EventCountry "RUS"]
[SourceTitle "CB11_2025"]
[SourceDate "2025.03.12"]
[SourceVersion "1"]
[SourceVersionDate "2025.03.12"]
[SourceQuality "1"]

1. d4 Nf6 2. c4 g6 3. g3 Bg7 4. Bg2 0-0 5. Nc3 d6 6. Nf3 Nc6 7. 0-0 e5 8. dxe5 dxe5 9. Bg5 h6 10. Qxd8 Rxd8 11. Bxf6 Bxf6 12. Nd5 Kg7 13. Nxc7 Rb8 14. e4 Be7 15. Rfd1 Be6 16. Nxe6+ fxe6 17. Kf1 Bc5 18. Ke2 Kf6 19. h4 a5 20. b3 a4 21. g4 a3 22. g5+ hxg5 23. hxg5+ Kg7 24. Bh3 Kf7 25. Bg4 Bd4 26. Rab1 Bb2 27. Rh1 Rh8 28. b4 Ke7 29. b5 Nb4 30. Rxb2 axb2 31. Rb1 Nxa2 32. Rxb2 Nc3+ 33. Kf1 Nxe4 34. Re2 Nc5 35. Nxe5 Rhg8 36. Re3 Rbf8 37. Kg2 Rf4 38. f3 Rd4 39. Kg3 Kf8 40. Re1 Ke7 41. Rh1 Kd6 42. Nf7+ Kc7 43. Ne5 Rg7 44. Re1 Kd6 45. Re2 Ne4+ 46. Rxe4 Rxe4 1-0

[Event "Titled Tuesday intern op 14th Jan Early"]
[Site "Chess.com INT"]
[Date "2025.01.14"]
[Round "1"]
[White "Brady, Tyson"]
[Black "Drygalov, Sergey"]
[Result "0-1"]
[WhiteElo "2134"]
[BlackElo "2542"]
[PlyCount "80"]
[EventDate "2025.01.14"]
[EventType "swiss (blitz)"]
[EventRounds "11"]
[EventCountry "USA"]
[SourceTitle "CB04_2025"]
[SourceDate "2025.01.22"]
[SourceVersion "1"]
[SourceVersionDate "2025.01.22"]
[SourceQuality "1"]

1. Nf3 Nf6 2. g3 b5 3. Bg2 Bb7 4. 0-0 e6 5. d3 d5 6. Nbd2 Nbd7 7. a4 b4 8. a5 a6 9. e4 dxe4 10. Ng5 c5 11. Ngxe4 Qc7 12. Nc4 Nd5 13. f4 Be7 14. f5 exf5 15. Rxf5 0-0 16. Bg5 Bxg5 17. Rxg5 h6 18. Rf5 N7f6 19. Nxf6+ Nxf6 20. Bxb7 Qxb7 21. Rxf6 gxf6 22. Qg4+ Kh7 23. Qf5+ Kg7 24. Qg4+ Kh8 25. Rf1 Rg8 26. Qh5 Rg6 27. Nd6 Qd7 28. Nf5 Kh7 29. Nh4 Rg5 30. Qf3 Qd4+ 31. Kg2 Re8 32. Nf5 Qxb2 33. h4 Rg6 34. Nd6 Re6 35. Nxf7 f5 36. h5 Rgf6 37. Qb7 Kg8 38. Nd8 Re2+ 39. Kh3 Qxc2 40. Qd5+ Kh8 0-1

[Event "Titled Tuesday intern op 14th Jan Early"]
[Site "Chess.com INT"]
[Date "2025.01.14"]
[Round "6"]
[White "Concio, Michael Jr"]
[Black "Drygalov, Sergey"]
[Result "0-1"]
[WhiteElo "2371"]
[BlackElo "2542"]
[PlyCount "68"]
[EventDate "2025.01.14"]
[EventType "swiss (blitz)"]
[EventRounds "11"]
[EventCountry "USA"]
[SourceTitle "CB04_2025"]
[SourceDate "2025.01.22"]
[SourceVersion "1"]
[SourceVersionDate "2025.01.22"]
[SourceQuality "1"]

1. d4 Nf6 2. c4 e6 3. Nf3 d5 4. Nc3 c6 5. e3 Nbd7 6. Bd3 Bd6 7. b3 0-0 8. 0-0 Qe7 9. e4 dxc4 10. bxc4 e5 11. d5 Nc5 12. h3 cxd5 13. cxd5 a6 14. a4 Bd7 15. Ba3 Rfc8 16. Bxc5 Bxc5 17. Qb3 Nh5 18. Ne2 Rab8 19. Rfc1 Qf6 20. Bb1 b5 21. a5 b4 22. Ra2 Bb5 23. Rac2 Bxe2 24. Rxc5 Rxc5 25. Rxc5 Nf4 26. Qc2 g6 27. Ne1 b3 28. Rc8+ Kg7 29. Qc3 Bg4 30. Rxb8 Ne2+ 31. Kf1 Nxc3 32. hxg4 Nxb1 33. Rb6 Qf4 34. f3 Qe3 0-1

[Event "Titled Tuesday intern op 14th Jan Early"]
[Site "Chess.com INT"]
[Date "2025.01.14"]
[Round "8"]
[White "Drygalov, Sergey"]
[Black "Giri, Anish"]
[Result "1-0"]
[WhiteElo "2542"]
[BlackElo "2731"]
[PlyCount "77"]
[EventDate "2025.01.14"]
[EventType "swiss (blitz)"]
[EventRounds "11"]
[EventCountry "USA"]
[SourceTitle "CB04_2025"]
[SourceDate "2025.01.22"]
[SourceVersion "1"]
[SourceVersionDate "2025.01.22"]
[SourceQuality "1"]

1. d4 Nf6 2. c4 e6 3. Nf3 d5 4. Nc3 c6 5. e3 Nbd7 6. Qc2 Bd6 7. Bd3 0-0 8. 0-0 dxc4 9. Bxc4 b5 10. Be2 Bb7 11. e4 e5 12. dxe5 Nxe5 13. Nd4 Neg4 14. Nf5 Bxh2+ 15. Kh1 Bb8 16. Bg5 Qc7 17. f4 Bc8 18. e5 Nxe5 19. Bxf6 gxf6 20. fxe5 Qxe5 21. g3 b4 22. Na4 Re8 23. Bc4 Qe4+ 24. Qxe4 Rxe4 25. b3 Be5 26. Rad1 Bxf5 27. Rxf5 Bd4 28. Nc5 Re5 29. Rxe5 fxe5 30. Ne4 Kg7 31. Rf1 Rf8 32. g4 a5 33. Kg2 f6 34. Nd6 Rd8 35. Nf5+ Kg6 36. Kf3 Kg5 37. Rh1 Bc3 38. Ng3 Kg6 39. Ke3 1-0

[Event "Cape Town Masters"]
[Site "Cape Town"]
[Date "2025.01.10"]
[Round "8"]
[White "Drygalov, Sergey"]
[Black "Selepe, Lwazi"]
[Result "1-0"]
[WhiteElo "2542"]
[BlackElo "1930"]
[PlyCount "35"]
[EventDate "2025.01.06"]
[EventType "swiss"]
[EventRounds "9"]
[EventCountry "RSA"]
[SourceTitle "CB03_2025"]
[SourceDate "2025.01.15"]
[SourceVersion "1"]
[SourceVersionDate "2025.01.15"]
[SourceQuality "1"]

1. d4 d5 2. c4 dxc4 3. Nf3 Nf6 4. Nc3 a6 5. e4 b5 6. e5 Nd5 7. a4 Bb7 8. e6 fxe6 9. Ng5 Nxc3 10. bxc3 Qd5 11. Be2 Qxg2 12. Rf1 Qxh2 13. Bf3 Nc6 14. Nxe6 Qd6 15. Qe2 Rb8 16. Bg4 Nd8 17. Bf4 Qc6 18. d5 1-0

[Event "Cape Town Masters"]
[Site "Cape Town"]
[Date "2025.01.10"]
[Round "7"]
[White "Mnyasta, Tezihano"]
[Black "Drygalov, Sergey"]
[Result "0-1"]
[WhiteElo "1997"]
[BlackElo "2542"]
[PlyCount "82"]
[EventDate "2025.01.06"]
[EventType "swiss"]
[EventRounds "9"]
[EventCountry "RSA"]
[SourceTitle "CB03_2025"]
[SourceDate "2025.01.15"]
[SourceVersion "1"]
[SourceVersionDate "2025.01.15"]
[SourceQuality "1"]

1. d4 Nf6 2. c4 e6 3. Nc3 Bb4 4. Nf3 b6 5. Bg5 h6 6. Bh4 Bb7 7. e3 g5 8. Bg3 Ne4 9. Qc2 Bxc3+ 10. bxc3 d6 11. Bd3 f5 12. h4 g4 13. Nd2 Nxd2 14. Kxd2 Bxg2 15. Rhg1 Bf3 16. d5 Qf6 17. dxe6 Rf8 18. Bf4 Nc6 19. Qa4 0-0-0 20. Qa6+ Kb8 21. a4 Na5 22. Rgb1 Bb7 23. Qb5 Qxe6 24. Kc2 Ka8 25. Rd1 c5 26. Rd2 d5 27. cxd5 Bxd5 28. c4 Be4 29. Rad1 Nxc4 30. Kc3 Qf6+ 31. Kb3 Nxd2+ 32. Rxd2 Bxd3 33. Rxd3 Rxd3+ 34. Qxd3 Rd8 35. Qb5 Qe6+ 36. Kc3 Qd5 37. Qe2 h5 38. Qc2 Qe4 39. Qe2 Qb4+ 40. Kc2 Qxa4+ 41. Kb2 Qd1 0-1

[Event "Cape Town Masters"]
[Site "Cape Town"]
[Date "2025.01.07"]
[Round "3"]
[White "Martin, Nico"]
[Black "Drygalov, Sergey"]
[Result "0-1"]
[WhiteElo "1897"]
[BlackElo "2542"]
[PlyCount "98"]
[EventDate "2025.01.06"]
[EventType "swiss"]
[EventRounds "9"]
[EventCountry "RSA"]
[SourceTitle "CB03_2025"]
[SourceDate "2025.01.15"]
[SourceVersion "1"]
[SourceVersionDate "2025.01.15"]
[SourceQuality "1"]

1. e4 c6 2. d4 d5 3. f3 e6 4. Nc3 Qb6 5. a3 Nf6 6. e5 Nfd7 7. f4 c5 8. Nf3 cxd4 9. Nxd4 Nc6 10. Be3 Bc5 11. Nce2 Qxb2 12. c3 Qb6 13. Ng3 0-0 14. Bd3 g6 15. Nge2 Qd8 16. h4 Be7 17. h5 Nc5 18. Bc2 Bd7 19. Nxc6 Bxc6 20. Nd4 Ne4 21. Qg4 Bd7 22. Qh3 g5 23. Bxe4 dxe4 24. Qg4 h6 25. 0-0 Kh8 26. Rad1 Qc7 27. fxg5 Qxc3 28. Qxe4 hxg5 29. Ne2 Qc7 30. Qg4 Bb5 31. Rc1 Qa5 32. Rf2 Bxe2 33. Rxe2 Qxa3 34. Rc7 Rac8 35. Rxb7 a5 36. Kh2 Rb8 37. Rxb8 Rxb8 38. Qf3 Qb4 39. g3 Qc4 40. Rf2 Rf8 41. Qb7 Qb4 42. Qa7 a4 43. Rd2 a3 44. Rf2 Kg8 45. h6 Kh7 46. Bxg5 Bxg5 47. Rxf7+ Rxf7 48. Qxf7+ Kxh6 49. Qxe6+ Kg7 0-1

[Event "Cape Town Masters"]
[Site "Cape Town"]
[Date "2025.01.06"]
[Round "1"]
[White "Salimu, Reuben"]
[Black "Drygalov, Sergey"]
[Result "0-1"]
[WhiteElo "1868"]
[BlackElo "2542"]
[PlyCount "42"]
[EventDate "2025.01.06"]
[EventType "swiss"]
[EventRounds "9"]
[EventCountry "RSA"]
[SourceTitle "CB03_2025"]
[SourceDate "2025.01.15"]
[SourceVersion "1"]
[SourceVersionDate "2025.01.15"]
[SourceQuality "1"]

1. d4 Nf6 2. Nf3 c5 3. e3 e6 4. Be2 b6 5. 0-0 Bb7 6. b3 Be7 7. dxc5 bxc5 8. c4 0-0 9. Bb2 d6 10. Nc3 a6 11. Qd2 Nbd7 12. h3 Qc7 13. Rfd1 Rfd8 14. Rac1 Bc6 15. Qc2 Qb7 16. Rd2 Nf8 17. Ne1 d5 18. cxd5 exd5 19. Rcd1 Ne6 20. Nf3 Bd6 21. Bf1 d4 0-1

[Event "RUS-chT Blitz"]
[Site "Sochi"]
[Date "2024.10.17"]
[Round "9.6"]
[White "Drygalov, Sergey"]
[Black "Tsaruk, Maksim"]
[Result "0-1"]
[WhiteElo "2542"]
[BlackElo "2450"]
[PlyCount "198"]
[EventDate "2024.10.17"]
[EventType "team-swiss (blitz)"]
[EventRounds "11"]
[EventCountry "RUS"]
[SourceTitle "CB43_2024"]
[Source "Chessbase"]
[SourceDate "2024.10.23"]
[SourceVersion "1"]
[SourceVersionDate "2024.10.23"]
[SourceQuality "1"]
[WhiteTeam "Ekaterinburg Shkola ShakhMatOff"]
[BlackTeam "Belarus"]
[WhiteTeamCountry "RUS"]
[BlackTeamCountry "BLR"]

1. d4 d5 2. c4 dxc4 3. Nf3 Nf6 4. e3 e6 5. Bxc4 a6 6. 0-0 c5 7. Re1 Nc6 8. Nc3 Be7 9. dxc5 Qxd1 10. Rxd1 Bxc5 11. Be2 0-0 12. Nd2 Be7 13. Nc4 b5 14. Nb6 Ra7 15. Nxc8 Rxc8 16. Bd2 Ne5 17. Be1 g5 18. Bf1 Kg7 19. Ne2 Nd5 20. e4 Nf6 21. Bc3 Nc4 22. Ng3 Kh6 23. a4 Rb7 24. b3 Na3 25. Bd2 Ng4 26. Be2 Ne5 27. f4 Nc6 28. fxg5+ Kg6 29. Bh5+ Kg7 30. Bc3+ Kg8 31. Rf1 Bxg5 32. axb5 axb5 33. Rxa3 b4 34. Bxb4 Nxb4 35. Raa1 Nd3 36. Rf3 Ne5 37. Rff1 Rc2 38. Kh1 Rxb3 39. Ra8+ Kg7 40. Ra7 Rbb2 41. Bxf7 Rxg2 42. Bxe6+ Kh6 43. Nf5+ Kh5 44. Rxh7+ Kg6 45. Rg7+ Kf6 46. Nh4+ Rgf2 47. Rxf2+ Rxf2 48. Rg8 Bxh4 49. Bg4 Kf7 50. Rh8 Bf6 51. Rh7+ Kg6 52. Bf5+ Rxf5 53. exf5+ Kxh7 54. Kg2 Kh6 55. Kf2 Kg5 56. Ke3 Kxf5 57. h3 Ng6 58. Kf3 Bh4 59. Ke3 Nf4 60. Kf3 Nxh3 61. Ke3 Nf4 62. Kf3 Ne6 63. Ke3 Be7 64. Kd3 Kf4 65. Kc3 Ke4 66. Kc4 Nf4 67. Kc3 Nd5+ 68. Kc4 Ne3+ 69. Kc3 Bd6 70. Kb3 Kd4 71. Ka4 Kc4 72. Ka5 Nd5 73. Ka6 Kc5 74. Ka7 Kc6 75. Ka8 Nb6+ 76. Ka7 Be5 77. Ka6 Bb8 78. Ka5 Nd5 79. Ka4 Kc5 80. Kb3 Nb4 81. Kc3 Bf4 82. Kb3 Bd2 83. Ka4 Nc6 84. Kb3 Nd4+ 85. Ka4 Kc4 86. Ka3 Kc3 87. Ka4 Kc2 88. Ka3 Kc3 89. Ka4 Kc4 90. Ka3 Bb4+ 91. Ka4 Bc3 92. Ka3 Ne6 93. Ka4 Nc5+ 94. Ka3 Kd3 95. Ka2 Kc2 96. Ka3 Bd2 97. Ka2 Bc1 98. Ka1 Nd3 99. Ka2 Nb4+ 0-1

[Event "RUS-ch Rapid"]
[Site "Sochi"]
[Date "2024.10.15"]
[Round "1"]
[White "Drygalov, Sergey"]
[Black "Popov, Andrey1"]
[Result "1-0"]
[WhiteElo "2542"]
[BlackElo "2084"]
[PlyCount "79"]
[EventDate "2024.10.15"]
[EventType "swiss (rapid)"]
[EventRounds "11"]
[EventCountry "RUS"]
[SourceTitle "CB43_2024"]
[Source "Chessbase"]
[SourceDate "2024.10.23"]
[SourceVersion "1"]
[SourceVersionDate "2024.10.23"]
[SourceQuality "1"]

1. d4 d5 2. c4 e6 3. Nf3 Nf6 4. Nc3 c6 5. Bg5 dxc4 6. e4 b5 7. e5 h6 8. Bh4 g5 9. Nxg5 hxg5 10. Bxg5 Be7 11. exf6 Bxf6 12. Bxf6 Qxf6 13. g3 Na6 14. Bg2 Bb7 15. a4 0-0-0 16. axb5 cxb5 17. Bxb7+ Kxb7 18. Nxb5 e5 19. 0-0 exd4 20. Qg4 Qc6 21. Nxd4 Qd5 22. Rfd1 Nb4 23. Nf5 Nd3 24. Ne3 Qc6 25. Qxc4 Ne5 26. Qxc6+ Kxc6 27. Rxd8 Rxd8 28. Ra5 Nf3+ 29. Kg2 Ne1+ 30. Kf1 Nd3 31. Rxa7 f5 32. Nxf5 Rf8 33. g4 Nxb2 34. Kg2 Nd3 35. Kg3 Kd5 36. h4 Ne5 37. f3 Rb8 38. Ra5+ Ke6 39. Nd4+ Kd6 40. Rxe5 1-0

[Event "RUS-ch Blitz"]
[Site "Sochi"]
[Date "2024.10.14"]
[Round "4"]
[White "Drygalov, Sergey"]
[Black "Nevostrujev, Vladimir"]
[Result "1-0"]
[WhiteElo "2542"]
[BlackElo "2373"]
[PlyCount "67"]
[EventDate "2024.10.14"]
[EventType "swiss (blitz)"]
[EventRounds "13"]
[EventCountry "RUS"]
[SourceTitle "CB43_2024"]
[Source "Chessbase"]
[SourceDate "2024.10.23"]
[SourceVersion "1"]
[SourceVersionDate "2024.10.23"]
[SourceQuality "1"]

1. d4 Nf6 2. c4 g6 3. Nc3 Bg7 4. e4 d6 5. Nf3 0-0 6. Be2 e5 7. 0-0 exd4 8. Nxd4 Re8 9. f3 c6 10. Kh1 d5 11. cxd5 cxd5 12. Bg5 Nc6 13. Bb5 h6 14. Nxc6 bxc6 15. Bxc6 hxg5 16. Bxa8 Ba6 17. Bxd5 Bxf1 18. Qxf1 Nxd5 19. Nxd5 Bxb2 20. Rd1 Be5 21. Qc4 Qb8 22. Ne3 Rc8 23. Qd5 Bxh2 24. Ng4 Bf4 25. Qd4 Kh7 26. Nf6+ Kh6 27. Ng4+ Kh7 28. e5 Qb6 29. Qd7 Qc7 30. Nf6+ Kh6 31. Qh3+ Kg7 32. Qh7+ Kf8 33. Qh8+ Ke7 34. Nd5+ 1-0